01011cam a22002893a 450000100060000000300060000600500170001200800410002904000150007004200070008505000070009210000490009924501950014826000290034350600300037251600200040265300230042265300270044565300210047265300240049365300330051783000290055085600420057994200070062199900190062895200740064719486PGUSA20140828083419.0061007s2006||||xxu|||||s|||||000 | eng d aPGUSAbeng adc 4aGR1 aMcAnally, D. R.q(David Russell),d1847-190910aIrish Wonders :bThe Ghosts, Giants, Pooka, Demons, Leprechawns, Banshees, Fairies, Witches, Widows, Old Maids, and other Marvels of the Emerald Isleh[electronic resource] /cD. R. McAnally bProject Gutenberg,c2006 aPublic domain in the USA. aElectronic text aLegends -- Ireland aFolk literature, Irish aTales -- Ireland aFolklore -- Ireland aMythology, Celtic -- Ireland 0aProject Gutenbergv1948640uhttp://www.gutenberg.org/ebooks/19486 cEB c248741d248741 001040aGTBbGTBd2014-08-28l0r2014-08-28 00:00:00w2014-08-28yEB